| 000 | 01275cam a2200301 i 4500 | ||
|---|---|---|---|
| 003 | SA-RiAUC | ||
| 005 | 20250524062106.0 | ||
| 008 | 250511s1999 ua g 00000 ara c | ||
| 020 | _a9775727359 | ||
| 040 |
_aSA-RiAUC _bara _cSA-RiAUC _erda |
||
| 043 | _af-ua--- | ||
| 082 | 0 | 4 | _a810.962 |
| 090 |
_a810.962 _bم ق د |
||
| 100 | 1 |
_aالمقدسي، محمد بن علي بن عبد الرحمن، _d764-820 هجري _eمؤلف. |
|
| 245 | 1 | 2 |
_aالمفاخرات الباهرة بين عرائس متنزهات القاهرة / _cعز الدين محمد بن علي بن عبد الرحمن العمري الخطيب المقدسي ؛ دراسة وتحقيق وتعليق محمد الششتاوي. |
| 250 | _aالطبعة الأولى. | ||
| 264 | 1 |
_aالقاهرة : _bدار الآفاق العربية، _c1999 |
|
| 300 |
_a143 صفحة ؛ _c20 سم. |
||
| 336 |
_aنص _btxt _2rdacontent _3كتاب |
||
| 337 |
_aبدون وسيط _bn _2rdamedia |
||
| 338 |
_aمجلد _bnc _2rdacarrier |
||
| 440 | 2 |
_aالمفاخرات _v1 |
|
| 650 | 7 |
_aالأدب العربي _xتاريخ ونقد _2aucsh |
|
| 650 | 7 |
_aالمناظرات _2aucsh |
|
| 700 | 1 |
_aالششتاوي، محمد _eمحقق. |
|
| 942 |
_2ddc _cBOOK _n0 |
||
| 949 |
_aSA-JeALM _d250511 _umohamedma123 _n1 |
||
| 999 |
_c8331 _d8331 |
||